[Event "Challenge"]
[Site "http://www.queenalice.com/game.php?id=136859"]
[Date "2006.12.4"]
[Round "-"]
[White "lolothebest"]
[Black "Cessna"]
[Result "0-1"]
[WhiteElo "1421"]
[BlackElo "1926"]

1. e4 c5 2. Qf3 Nc6 3. Bc4 Ne5 4. Qb3 Nxc4 5. Qxc4 e6 6. e5 Qg5 7. Nf3 Qxg2 8.
Qf1 Qxf3 9. Nc3 Ne7 10. Nb5 Nd5 11. c4 Nb4 12. Na3 Nd3+ 13. Qxd3 Qxd3 14. Nb5
Qe4+ 15. Kd1 Qxh1+ 16. Kc2 Qc6 17. a4 a6 18. Nc3 Qg2 19. b3 Qxh2 20. Kb1 Qxe5
21. Bb2 Qf5+ 22. Ka2 Qxf2 23. Ne4 Qe2 24. Ng5 Qxd2 25. Nf3 Qf2 26. Ng5 g6 27.
Ne4 Qh2 28. Rd1 Bg7 29. Nd2 Bxb2 30. Kxb2 O-O 31. Ka3 b5 32. Nf3 Qe2 0-1

[Event "Let's Play Chess!"]
[Site "http://www.queenalice.com/game.php?id=138667"]
[Date "2006.12.8"]
[Round "-"]
[White "Cessna"]
[Black "CampbellMarcel"]
[Result "1-0"]
[WhiteElo "1970"]
[BlackElo "1554"]

1. c4 f5 2. Nf3 Nf6 3. d4 e6 4. Bg5 h6 5. Bxf6 Qxf6 6. Nc3 Bb4 7. Qb3 a5 8. e3
O-O 9. c5 Bxc3+ 10. bxc3 a4 11. Qa3 Nc6 12. Bb5 d5 13. cxd6 cxd6 14. Qxd6 Na5
15. Bxa4 Nc4 16. Qb4 Na5 17. Ne5 Nc6 18. Nxc6 bxc6 19. Bxc6 Ra7 20. O-O Raf7 21.
a4 f4 22. Qb5 g5 23. Bf3 Bd7 24. Qd3 e5 25. dxe5 Qxe5 26. Bd5 Be6 27. Qg6+ Kh8
28. Qxh6+ Rh7 29. Qxf8+ 1-0

[Event "Challenge"]
[Site "http://www.queenalice.com/game.php?id=142389"]
[Date "2006.12.16"]
[Round "-"]
[White "fizzo"]
[Black "Cessna"]
[Result "0-1"]
[WhiteElo "1299"]
[BlackElo "1970"]

1. e4 c5 2. Bc4 Nc6 3. Qf3 Ne5 4. Qc3 Nxc4 5. Qxc4 e6 6. Nc3 a6 7. Nf3 d6 8. O-O
Nf6 9. Na4 b5 10. Qb3 bxa4 11. Qxa4+ Bd7 12. Qc4 Bb5 13. Qb3 Bxf1 14. Kxf1 Be7
15. d3 O-O 16. Bg5 Rb8 17. Qa3 a5 18. Bxf6 Bxf6 19. c3 Qb6 20. Rb1 Qa6 21. c4
Qb6 22. b3 Qb4 23. Qc1 a4 24. a3 Qc3 25. e5 Qxc1+ 26. Rxc1 dxe5 27. Re1 Rxb3 28.
Ra1 e4 0-1

[Event "Challenge"]
[Site "http://www.queenalice.com/game.php?id=143179"]
[Date "2006.12.18"]
[Round "-"]
[White "Cessna"]
[Black "lolothebest"]
[Result "1/2-1/2"]
[WhiteElo "1970"]
[BlackElo "1436"]

1. d4 d5 2. Nf3 Nc6 3. Bf4 Bf5 4. c3 e6 5. e3 h5 6. Bb5 a6 7. Bxc6+ bxc6 8. Ne5
f6 9. Nxc6 Qd7 10. Nb4 g5 11. e4 dxe4 12. Be3 a5 13. Nc2 Rb8 14. b3 Bg4 15. Qc1
Qb5 16. c4 Bb4+ 17. Nxb4 Qxb4+ 18. Nc3 a4 19. O-O axb3 20. axb3 Ne7 21. Nxe4 O-O
22. Nc5 Rfd8 23. Na6 Qxb3 24. Nxb8 Rxb8 25. Rb1 Qxb1 26. Qxb1 Rxb1 27. Rxb1 Kf7
28. Rb7 Nf5 29. Rxc7+ Ne7 30. Bc1 h4 31. Ba3 f5 32. Rxe7+ Kf6 33. h3 Be2 34. Rc7
g4 35. hxg4 fxg4 36. Bb2 g3 37. d5+ e5 38. d6 Bg4 39. c5 Kg5 40. f3 Be6 41. Bxe5
Kf5 42. f4 Ke4 43. c6 Ke3 44. d7 h3 45. d8=Q Ke4 1/2-1/2

[Event "Challenge"]
[Site "http://www.queenalice.com/game.php?id=148509"]
[Date "2006.12.31"]
[Round "-"]
[White "lolothebest"]
[Black "Cessna"]
[Result "0-1"]
[WhiteElo "1447"]
[BlackElo "1970"]

1. e4 c5 2. Bc4 Nc6 3. Qf3 Ne5 4. Qh5 Nxc4 5. Qh4 Nf6 6. e5 Nxe5 7. f3 Ng6 8.
Qc4 e6 9. Nc3 Be7 10. Nge2 O-O 11. O-O d5 12. Qd3 a6 13. b3 b5 14. f4 Qb6 15.
Qg3 Bd6 16. Bb2 d4 17. Nd1 Ne4 18. Qd3 Bb7 19. Ng3 Nxf4 20. Rxf4 Bxf4 21. Nxe4
Bxe4 22. Qxe4 Bxd2 23. Nf2 Be3 24. Qf3 c4 25. b4 c3 26. Bc1 Bxc1 27. Rxc1 a5 28.
Re1 axb4 29. Nh3 d3+ 30. Kh1 d2 31. Rd1 Rxa2 32. Qd3 Rfa8 33. Ng5 g6 34. Qf3 Rf8
35. h4 Qa7 36. h5 Ra1 37. hxg6 Rxd1+ 38. Kh2 Qg1+ 39. Kg3 hxg6 40. Qg4 Kg7 41.
Qh4 Rh8 42. Qf4 Qh2+ 43. Kf3 Rf1+ 0-1

[Event "Florida"]
[Site "http://www.queenalice.com/game.php?id=151175"]
[Date "2007.1.7"]
[Round "-"]
[White "Cronos"]
[Black "Cessna"]
[Result "1/2-1/2"]
[WhiteElo "1642"]
[BlackElo "1970"]

1. d4 d5 2. e3 Nf6 3. Be2 Bf5 4. Nf3 e6 5. O-O Bd6 6. g3 O-O 7. Bd3 Bxd3 8. Qxd3
Nbd7 9. Nc3 c6 10. Ng5 e5 11. f4 e4 12. Qe2 h6 13. Nh3 a6 14. a4 Re8 15. b3 Qe7
16. a5 Nh7 17. Na4 Qd8 18. c4 Qxa5 19. Bd2 Qd8 20. c5 Bc7 21. Nf2 Nhf6 22. Ng4
Nxg4 23. Qxg4 Nf6 24. Qh3 Qd7 25. Qxd7 Nxd7 26. b4 f5 27. h4 Nf6 28. Kg2 Kf7 29.
Rh1 h5 30. Ra2 Ke6 31. Nc3 Ng4 32. Rha1 Rad8 33. Nd1 Kd7 34. Nf2 Nxf2 35. Kxf2
Re6 36. Kg2 Rg6 37. Kh3 Rg4 38. Ra4 Rc8 39. R1a2 Bd8 40. Be1 Be7 41. Rb2 Rh8 42.
Rc2 Rg6 43. Rca2 Rhh6 44. Rc2 1/2-1/2

[Event "Let's Play Chess!"]
[Site "http://www.queenalice.com/game.php?id=164076"]
[Date "2007.2.6"]
[Round "-"]
[White "xestter"]
[Black "Cessna"]
[Result "0-1"]
[WhiteElo "1471"]
[BlackElo "1938"]

1. Nf3 d5 2. d4 Nf6 3. g3 e6 4. a3 Bd6 5. Bg2 Nbd7 6. O-O O-O 7. Re1 c5 8. e3 b6
9. c3 Bb7 10. Nbd2 Re8 11. dxc5 Nxc5 12. b4 Nd3 13. Re2 Rc8 14. Qc2 Ba6 15. a4
Nxc1 16. Re1 Ne2+ 17. Kh1 Ng4 18. b5 Nxf2# 0-1

[Event "Challenge"]
[Site "http://www.queenalice.com/game.php?id=164490"]
[Date "2007.2.6"]
[Round "-"]
[White "renard77"]
[Black "Cessna"]
[Result "0-1"]
[WhiteElo "1785"]
[BlackElo "1938"]

1. d4 d5 2. Nf3 Nf6 3. Nc3 Bf5 4. Bf4 e6 5. e3 c6 6. Ne5 Qa5 7. Bd3 Ba3 8. Rb1
Bxb2 9. O-O Qxc3 10. Bxf5 exf5 11. Nd3 Ba3 12. Rxb7 Nbd7 13. Ne5 Nxe5 14. Bxe5
Be7 15. Qb1 Qa5 16. Rb8+ Rxb8 17. Qxb8+ Qd8 18. Qxa7 O-O 19. a4 Qd7 20. Qa6 Ng4
21. Bg3 Bd6 22. Qd3 Bxg3 23. hxg3 Qe6 24. f3 Qxe3+ 25. Qxe3 Nxe3 26. Ra1 Nxc2
27. Rc1 Nxd4 28. a5 Ne2+ 0-1

[Event "Challenge"]
[Site "http://www.queenalice.com/game.php?id=164491"]
[Date "2007.2.6"]
[Round "-"]
[White "Cessna"]
[Black "renard77"]
[Result "1/2-1/2"]
[WhiteElo "1950"]
[BlackElo "1757"]

1. Nf3 Nc6 2. d4 d5 3. Bf4 e6 4. e3 Bd6 5. Bxd6 cxd6 6. c4 Qb6 7. Na3 Qxb2 8.
Nb5 Kd7 9. a3 a6 10. Rb1 Qa2 11. Ra1 Qb2 12. Rb1 Qa2 13. Ra1 Qb2 14. Rb1 Qa2
1/2-1/2

[Event "Challenge"]
[Site "http://www.queenalice.com/game.php?id=173735"]
[Date "2007.2.25"]
[Round "-"]
[White "renard77"]
[Black "Cessna"]
[Result "0-1"]
[WhiteElo "1770"]
[BlackElo "1951"]

1. d4 d5 2. Nf3 Nf6 3. e3 e6 4. Bd3 c5 5. c3 Bd6 6. h3 O-O 7. O-O Nc6 8. Nbd2
Qc7 9. Bb1 Rd8 10. Ng5 e5 11. a3 exd4 12. exd4 cxd4 13. cxd4 Nxd4 14. Ndf3 Nc6
15. h4 h6 16. Nh3 Bxh3 17. gxh3 Bc5 18. Qc2 Qg3+ 19. Kh1 Qxf3+ 20. Kh2 Ng4+ 21.
Kg1 Qg3+ 0-1

[Event "Let's Play Chess!"]
[Site "http://www.queenalice.com/game.php?id=194579"]
[Date "2007.4.10"]
[Round "-"]
[White "Cessna"]
[Black "spawnwolfwolverine"]
[Result "1-0"]
[WhiteElo "1962"]
[BlackElo "1649"]

1. c4 e6 2. d4 d6 3. Nc3 b6 4. Nf3 Ba6 5. a3 Nf6 6. Bg5 Be7 7. e4 O-O 8. Bd3 c5
9. dxc5 dxc5 10. e5 Nfd7 11. Bxe7 Qxe7 12. Be4 Nc6 13. Bxc6 Rac8 14. Qxd7 Qxd7
15. Bxd7 Rcd8 16. Bb5 Bxb5 17. cxb5 a5 18. O-O c4 19. Rad1 Rc8 20. Rd7 Rb8 21.
Rfd1 f5 22. Rc7 g5 23. Rdd7 g4 24. Rg7+ Kh8 25. Rxh7+ Kg8 26. Rcg7# 1-0

[Event "Let's Play Chess!"]
[Site "http://www.queenalice.com/game.php?id=255113"]
[Date "2007.8.14"]
[Round "-"]
[White "spawnwolfwolverine"]
[Black "Cessna"]
[Result "0-1"]
[WhiteElo "1637"]
[BlackElo "1966"]

1. d4 d5 2. e3 Nf6 3. Nf3 Bg4 4. Be2 Nbd7 5. O-O e6 6. b3 Bd6 7. Ba3 O-O 8. Bxd6
cxd6 9. Nfd2 Bxe2 10. Qxe2 Rc8 11. Nf3 Ne4 12. a4 Qc7 13. c4 Qa5 14. cxd5 Qxd5
15. Ra3 Rc6 16. Nbd2 Nxd2 17. Nxd2 Rfc8 18. Nc4 Qe4 19. a5 d5 20. Nd2 Qc2 21. g3
Qb2 22. Ra4 Rc2 23. Rd1 Rc1 24. Rxc1 Rxc1+ 25. Kg2 Rc2 26. Qb5 Rxd2 27. Qxd7
Rxf2+ 28. Kh3 Rxh2+ 29. Kg4 Qe2+ 30. Kf4 Qf2+ 31. Ke5 Qxg3# 0-1

[Event "Challenge"]
[Site "http://www.queenalice.com/game.php?id=262198"]
[Date "2007.8.27"]
[Round "-"]
[White "Cessna"]
[Black "tolley"]
[Result "1-0"]
[WhiteElo "1969"]
[BlackElo "1867"]

1. e4 c5 2. Nf3 Nf6 3. Nc3 Nc6 4. a3 Qa5 5. Bc4 d6 6. d3 Bg4 7. Bd2 Qb6 8. Bb5
e6 9. h3 Bh5 10. O-O Be7 11. b4 O-O 12. Bxc6 Qxc6 13. Qe2 b5 14. Qe3 Nd7 15. d4
Qb7 16. e5 cxd4 17. Nxd4 Nxe5 18. Qg3 Bf6 19. Ndxb5 Qc6 20. Rfe1 a6 21. Nxd6
Qxd6 22. Bf4 Nf3+ 23. gxf3 Qc6 24. Re3 Bxc3 25. Rxc3 Qxc3 26. Be5 Qxa1+ 27. Bxa1
f6 28. Kg2 Bg6 29. c4 Rfd8 30. h4 e5 31. Qg4 Rd1 32. Bb2 Rd2 33. Bc1 Rd4 34.
Qe6+ Bf7 35. Qc6 Rf8 36. c5 Rxh4 37. Qxa6 Bd5 38. Be3 Rg4+ 39. Kh3 Rg6 40. Qd6
Bxf3 41. Qd3 Rg2 42. Bc1 Bg4+ 43. Kxg2 1-0

[Event "Challenge"]
[Site "http://www.queenalice.com/game.php?id=269803"]
[Date "2007.9.11"]
[Round "-"]
[White "Cessna"]
[Black "sapo_montanna"]
[Result "1-0"]
[WhiteElo "1981"]
[BlackElo "1370"]

1. c4 e5 2. Nc3 Qf6 3. Nf3 Bc5 4. Ne4 Qb6 5. Nxc5 Qxc5 6. e4 Nc6 7. Be2 f6 8.
O-O g5 9. d3 Nb4 10. a3 Nc6 11. b4 Qf8 12. Bb2 g4 13. Nh4 d6 14. Nf5 a5 15. Bxg4
axb4 16. Bh5+ Kd7 17. axb4 Nxb4 18. Rxa8 h6 19. Qa4+ Nc6 20. Bg4 h5 21. Bh3 Nh6
22. Nxh6+ Kd8 23. Rxc8+ Ke7 24. Rxf8 Rxf8 25. Nf5+ Ke6 26. Ne3+ Ke7 27. Nd5+ Kf7
28. Nxc7 Nb8 29. Ba3 Nc6 30. Bxd6 Rg8 31. Be6+ 1-0